000 00264nam a2200097Ia 4500
008 200302s9999 xx 000 0 und d
100 _aHobsbawm
245 _aHpa : The Story Of Ho & Paterns Archtiects
260 _bImages Publications Group, Australia
300 _a233
999 _c4714
_d4714